000 00378cam a2200169 4500
001 D12803
008 090401t1899 xxu||||| |||| 00| 0 eng d
035 _a(Sirsi) u5893
041 _aeng
100 _hGarnier
245 _aLand agency. New edition Herbert W Raffety
260 _bWilson
_c1899
350 _a0
520 _aShelf 181
942 _n0
948 _c04/03/1997
999 _c86226
_d86226